Tuba in C : Patrick Sheridan presents: (Record no. 6921)
[ view plain ]
| 000 -LEADER | |
|---|---|
| fixed length control field | 00679nam a22002297a 4500 |
| 003 - CONTROL NUMBER IDENTIFIER | |
| control field | OSt |
| 005 - DATE AND TIME OF LATEST TRANSACTION | |
| control field | 20140310181919.0 |
| 008 - FIXED-LENGTH DATA ELEMENTS--GENERAL INFORMATION | |
| fixed length control field | 130718t xxu||||| |||| 00| 0 eng d |
| 020 ## - INTERNATIONAL STANDARD BOOK NUMBER | |
| International Standard Book Number | 9043119822 |
| 050 ## - LIBRARY OF CONGRESS CALL NUMBER | |
| Classification number | MT 485 |
| Item number | .Sh552 2004 |
| 082 ## - DEWEY DECIMAL CLASSIFICATION NUMBER | |
| Classification number | TR 784.8 |
| Item number | Sh5 2004 |
| 100 ## - MAIN ENTRY--PERSONAL NAME | |
| Personal name | Sheridan, Patrick |
| 9 (RLIN) | 1457 |
| 245 ## - TITLE STATEMENT | |
| Title | Tuba in C : Patrick Sheridan presents: |
| Remainder of title | style studies / |
| 300 ## - PHYSICAL DESCRIPTION | |
| Extent | 39 p. : |
| Other physical details | ill. ; |
| Dimensions | 31 cm. |
| 500 ## - GENERAL NOTE | |
| General note | "CD recorded by De Haske Sound Services BV" --+.p. verso |
| 521 ## - TARGET AUDIENCE NOTE | |
| Target audience note | |
| 541 ## - IMMEDIATE SOURCE OF ACQUISITION NOTE | |
| -- | 1 |
| 562 ## - COPY AND VERSION IDENTIFICATION NOTE | |
| Number of copies | 1 |
| 650 ## - SUBJECT ADDED ENTRY--TOPICAL TERM | |
| Topical term or geographic name as entry element | Instrumental ensembles |
| General subdivision | Scores. |
| 9 (RLIN) | 1458 |
| 650 ## - SUBJECT ADDED ENTRY--TOPICAL TERM | |
| Topical term or geographic name as entry element | Wind ensembles |
| General subdivision | Scores. |
| 9 (RLIN) | 1459 |
| 942 ## - ADDED ENTRY ELEMENTS (KOHA) | |
| Source of classification or shelving scheme | Library of Congress Classification |
| Koha item type | |
| Call number prefix | |
| Withdrawn status | Lost status | Source of classification or shelving scheme | Damaged status | Home library | Current library | Shelving location | Date acquired | Total Checkouts | Full call number | Barcode | Date last seen | Copy number | Price effective from | Koha item type |
|---|---|---|---|---|---|---|---|---|---|---|---|---|---|---|
| Library of Congress Classification | Luxembourg Library | Luxembourg Library | Teachers Reference Section | 07/18/2013 | MT 485 .Sh552 2004 | 14827 | 08/13/2013 | 1 | 07/18/2013 | Books |